000 00355nam a2200157Ia 4500
005 20240807062351.0
008 240806s9999||||xx |||||||||||||| ||eng||
041 _aeng
082 _a891.433
_bSHAS
100 _aShankar
245 0 _aSeemabaddha /
_cShankar
260 _bRajkamal Prakashan New Delhi
300 _a0
650 _aHindi
942 _cBK
999 _c16799
_d16799